Statistics for Countries with Less than Million People

Click here to take the quiz!

General Stats

  • This quiz has been taken 2,466 times
    (621 since last reset)
  • The average score is 28 of 39

Answer Stats

Country% Correct
Vatican City
93%
Liechtenstein
89%
San Marino
89%
Andorra
88%
Luxembourg
88%
Monaco
84%
Fiji
79%
Tuvalu
79%
Saint Kitts And Nevis
78%
Saint Lucia
78%
Saint Vincent and the Grenadines
77%
Malta
76%
Samoa
75%
Vanuatu
75%
Antigua and Barbuda
74%
Palau
74%
Barbados
73%
Marshall Islands
73%
Nauru
73%
Tonga
73%
Guyana
72%
Solomon Islands
72%
Suriname
72%
Seychelles
71%
Grenada
69%
Kiribati
69%
Brunei
67%
Comoros
67%
FS Micronesia
67%
Cape Verde
66%
Bahamas
64%
Iceland
64%
São Tomé and Príncipe
64%
Dominica
63%
Montenegro
62%
Maldives
59%
Belize
56%
Bhutan
55%
Djibouti
44%

Score Distribution

Percentile by Number Answered

Percent of People with Each Score

Your Score History

You have not taken this quiz since the last reset